| 000 | 01910cam a2200397 a 4500 | ||
|---|---|---|---|
| 999 |
_c41759 _d41759 |
||
| 001 | 17576346 | ||
| 003 | OSt | ||
| 005 | 20221108135432.0 | ||
| 008 | 121228s2013 maua b 001 0 eng | ||
| 010 | _a 2012051640 | ||
| 020 | _a9780878939640 (hardcover) | ||
| 020 | _a0878939644 (hardcover) | ||
| 035 | _a(DNLM)101598571 | ||
| 040 |
_aDNLM/DLC _cDLC _dDLC |
||
| 042 | _apcc | ||
| 050 | 0 | 0 |
_aQH581.2 _b.C66 2013 |
| 060 | 1 | 0 | _aQU 300 |
| 082 | 0 | 0 |
_a571.6 _223 _bCOO/C |
| 100 | 1 |
_aCooper, Geoffrey M. _99276 |
|
| 245 | 1 | 4 |
_aThe cell : _ba molecular approach / _cGeoffrey M. Cooper, Robert E. Hausman. |
| 250 | _a6th ed. | ||
| 260 |
_aSunderland, MA : _bSinauer Associates, _cc2013. |
||
| 300 |
_axxv, 832 p. : _bcol. ill. ; _c29 cm. |
||
| 504 | _aIncludes bibliographical references and index. | ||
| 505 | 0 | _aAn overview of cells and cell research -- The composition of cells -- Cell metabolism -- Fundamentals of molecular biology -- The organization and sequences of cellular genomes -- Replication, maintenance, and rearrangements of genomic DNA -- RNA synthesis and processing -- Protein synthesis, processing, and regulation -- The nucleus -- Protein sorting and transport : the endoplasmic reticulum, golgi apparatus, and lysosomes -- Bioenergetics and metabolism : mitochondria, chloroplasts, and peroxisomes -- The cytoskeleton and cell movement -- The plasma membrane -- Cell walls, the extracellular matrix, and cell interactions -- Cell signaling -- The cell cycle -- Cell death and cell renewal -- Cancer. | |
| 650 | 0 | _aCytology. | |
| 650 | 0 | _aMolecular biology. | |
| 650 | 0 | _aCells. | |
| 650 | 1 | 2 | _aCells. |
| 650 | 2 | 2 | _aCell Biology. |
| 650 | 2 | 2 | _aMolecular Biology. |
| 700 | 1 |
_aHausman, Robert E., _d1947- |
|
| 906 |
_a7 _bcbc _corignew _d1 _eecip _f20 _gy-gencatlg |
||
| 942 |
_2ddc _cBK _h571.6 _iCOO/C _k571.6 _mCOO/C |
||